| 000 | 02529ncm0a2200445 4500 | ||
|---|---|---|---|
| 001 | RU\NLR\ONIZ\219346 | ||
| 005 | 20250626085051.0 | ||
| 013 | _a979-0-706354-64-4 | ||
| 013 | _a979-0-706354-66-8 (Вып. 4) | ||
| 021 |
_aRU _b16-248н _916-16н |
||
| 035 | _aRU\NLR\ONIZ\Таня\5000005344\20170820155427 | ||
| 035 | _a(NLR Aleph) 011534924 | ||
| 090 |
_a12164084 _c12164084 |
||
| 100 | _a20170820d2016 |||y0rusy50 ca | ||
| 101 | 0 |
_arus _atat |
|
| 102 | _aRU | ||
| 125 | _azx | ||
| 145 | 0 | _aa | |
| 200 | 1 |
_aПесни Татар-Мишарей _bНоты _e[для голоса без сопровожд.] _fсоставление и нотные транскрипции Е. М. Cмирновой и Л. И. Сарваровой |
|
| 210 |
_aКазань _cКазанская гос. консерватория _d2016 |
||
| 215 |
_a486, [1] с. _d27 см _eСD |
||
| 225 | 1 |
_aПамятники татарского народного музыкально-поэтического творчества _vвып. 4 |
|
| 300 | _aПредисл.: с. 3-13 | ||
| 313 | _aСистематизация документа проведена по изданию - Методика классифицирования музыкальных произведений (нотных изданий) по таблицам Библиотечно-библиографических классификаций : метод. рекомендации / Гос. б-ка СССР им. В.И. Ленина.- М., 1977. Индексу ББК методических рекомендаций присваивается код ББК для научных библиотек - LBC/SL | ||
| 606 | 1 |
_aТатарский фольклор _xПесни _2nlr_sh |
|
| 686 |
_aЩ92(2Р=Тат) -5я43 _vLBC/SL _2rubbk |
||
| 701 | 1 |
_9z01790 _aCмирнова _bЕ. М. _gЕлена Михайловна _4220 |
|
| 701 | 1 |
_9z02790 _aСарварова Лилия Илдусовна _4220 |
|
| 712 | 0 | 2 |
_aКазанская государственная консерватория им. Н. Г. Жиганова _4570 |
| 790 | 1 |
_9z01701 _aSmirnova _bE. M. _gElena Mixajlovna _4220 |
|
| 790 | 1 |
_9z02701 _aSarvarova _bL. I. _gLiliya Ildusovna _4220 |
|
| 801 | 0 |
_aRU _bNLR _c20170820 _gPSBO |
|
| 801 | 1 |
_aRU _bNLR _c20170820 _2rusmarc |
|
| 801 | 2 |
_aRU _bNLR _c20200120 |
|
| 852 |
_aNLR _bМ _j3/11694(4) _pМОЭ 2016-16н/248н _t1 |
||
| 852 |
_aNLR _bМ _j3/11694(4)а _pМОЭ 2016-16н/248на _t2 |
||
| 942 | _cSCORE | ||
| 980 | _aNB | ||
| 980 | _aONIZ | ||